Statistics for Game of Thrones- All Named Dragons

Click here to take the quiz!

General Stats

  • This quiz has been taken 531 times
    (440 since last reset)
  • The average score is 18 of 27

Answer Stats

OwnerDragon% Correct
Queen Daenerys (Stormborn) TargaryenDrogon
99%
Queen Daenerys (Stormborn) TargaryenViserion
97%
King Aegon I (The Conqueror) Targaryen/King Maegor I (The Cruel) Targaryen/Princess Aerea Targaryen/King Viserys I (The Young) TargaryenBalerion the Black Dread
94%
Queen Daenerys (Stormborn) TargaryenRhaegal
92%
Queen Visenya Targaryen/Prince Baelon (The Brave/The Summer Prince) Targaryen/Lady Laena Velaryon/Prince Aemond (One-Eye/Kinslayer) TargaryenVhagar
88%
Prince Aemon Targaryen/Prince Daemon TargaryenCaraxes the Blood Wyrm
86%
Princess Rhaenyra TargaryenSyrax
79%
Queen Rhaenys TargaryenMeraxes
78%
King Aegon II (The Usurper) TargaryenSunfyre the Golden
77%
Princess Rhaena Targaryen/Queen Helaena TargaryenDreamfyre
75%
Prince Lucerys VelaryonArrax
72%
Ser Laenor Velaryon/Addam of HullSeasmoke
72%
Princess Alyssa Targaryen/Princess Rhaenys TargaryenMeleys the Red Queen
71%
King Jaehaerys I (The Wise) Targaryen/Hugh HammerVermithor the Bronze Fury
68%
Prince Jacaerys VelaryonVermax
66%
NettlesSheepstealer
62%
(Good) Queen Alyssane TargaryenSilverwing
62%
Lady Baela TargaryenMoondancer
58%
n/aThe Cannibal
51%
Prince Joffrey VelaryonTyraxes
48%
King Aenys I Targaryen/Prince Aegon TargaryenQuicksilver
46%
Prince Daeron (The Daring) TargaryenTessarion the Blue Queen
46%
n/aGrey Ghost
42%
Lady Rhaena TargaryenMorning
42%
Princess Jaehaera TargaryenMorghul
34%
King Aegon III (The Younger) TargaryenStormcloud
34%
Prince Jaehaerys TargaryenShrykos
30%

Score Distribution

Percentile by Number Answered

Percent of People with Each Score

Your Score History

You have not taken this quiz since the last reset